000 02128nam2a22002891 4500
001 rc\4317837
005 20260407055213.0
021 _aRU
_b[65-5750]
035 _a(NLR Aleph) 008510968
090 _a8168849
_c8168849
100 _a20130416d1964 |||y0rusy50 ca
101 0 _arus
102 _aRU
105 _aa z |||||
200 1 _aЗадние мосты
_f[Сост. М.М. Бахмутский и Ю.К. Есеновский-Лашков]
_gГос. ком. автотракт. и с.-х. машиностроения при Госплане СССР. Науч.-исслед. ин-т информации по автотракт. и с.-х. машиностроению "НИИНАвтосельхозмаш"
210 _d1964
_aБ. м.
215 _a79 с.
_cчерт.
_d26
461 0 _1001rc\4317829
_12001#$aАвтомобили СССР$eКаталог-справочник$e[В 4 ч.]$eЧ. 1-$fЦентр. ин-т науч.-техн. информации по автоматизации и машиностроению. ЦБТИ Гос. ком. по автоматизации и машиностроению при Госплане СССР$vЧ. 3. Вып. 6
_98168802
_cМосква
_d1963
_fЦентр. ин-т науч.-техн. информации по автоматизации и машиностроению. ЦБТИ Гос. ком. по автоматизации и машиностроению при Госплане СССР
_nБ. и.
_oКаталог-справочник : [В 4 ч.] : Ч. 1-
_tАвтомобили СССР
_vЧ. 3. Вып. 6
606 _aАвтомобильные мосты, задние
_jКаталоги-справочники (ч. 3)
_2psbo
702 1 _aБахмутский
_bМ.М.
_4220
702 1 _aЕвеновский-Лашков
_bЮ.К.
_4220
712 0 2 _aНИИ информации по автотракторному и сельскохозяйственному машиностроению
_cМосква
_3RU\NLR\AUTH\8810025700
_9549623
801 0 _aRU
_bNLR
_gpsbo
801 1 _aRU
_bELAR
_2rusmarc
852 _aNLR
_jПт 86-3/181
942 _cBOOK
980 _aNB